| 000 | 00543nam a22002057a 4500 | ||
|---|---|---|---|
| 005 | 20260211163512.0 | ||
| 008 | 260211b |||||||| |||| 00| 0 eng d | ||
| 020 |
_a9788119680436 _c2995.00 |
||
| 040 | _aMAIN | ||
| 041 | _aEnglish | ||
| 082 |
_a591.5 _bSHE |
||
| 100 |
_aSheoran, Sanjay b _926282 |
||
| 245 | _aAnimal Behaviour And Wildlife Conservation | ||
| 260 |
_aNew Delhi _bAcademic _c2023 |
||
| 300 | _a284 | ||
| 650 |
_aBiological Science _914046 |
||
| 700 |
_aHarkrishan _926283 |
||
| 700 |
_aPoonia, Asha _926284 |
||
| 942 | _cBK | ||
| 999 |
_c60330 _d60330 |
||